Feminist vision or 'treason against men'?: (Record no. 13876)

MARC details
000 -LEADER
fixed length control field 00991nam a22002417a 4500
005 - DATE AND TIME OF LATEST TRANSACTION
control field 2008062301461.0
008 - FIXED-LENGTH DATA ELEMENTS--GENERAL INFORMATION
fixed length control field 080618t xxu||||| |||| 00| f eng d
010 ## - LIBRARY OF CONGRESS CONTROL NUMBER
LC control number ENG-90400
020 ## - INTERNATIONAL STANDARD BOOK NUMBER
Terms of availability 595.00
International Standard Book Number 8178242168
035 ## - SYSTEM CONTROL NUMBER
System control number EN-73933
037 ## - SOURCE OF ACQUISITION
Source of stock number/acquisition DBAD / VEN
040 ## - CATALOGING SOURCE
Original cataloging agency DPL
Language of cataloging EN
082 ## - DEWEY DECIMAL CLASSIFICATION NUMBER
Classification number 863.08
245 ## - TITLE STATEMENT
Title Feminist vision or 'treason against men'?:
Statement of responsibility, etc translated & edited by Meera Kosambi
Remainder of title Kashibai Kanitkar and the engendering of Marathi literature /
260 ## - PUBLICATION, DISTRIBUTION, ETC. (IMPRINT)
Place of publication, distribution, etc Ranikhent
Name of publisher, distributor, etc Permanent Black
Date of publication, distribution, etc 2008
260 ## - PUBLICATION, DISTRIBUTION, ETC. (IMPRINT)
Place of publication, distribution, etc New Delhi
Name of publisher, distributor, etc Orient Longman (Distributor)
270 ## - ADDRESS
Address 'Himalayana', Mall Road, Ranikhet Centt.,
City Ranikhet
Postal code 263645
300 ## - PHYSICAL DESCRIPTION
Extent xii, 336p.:
Dimensions 23 cm (Hb)
Other physical details b&w photos
500 ## - GENERAL NOTE
General note Includes index
700 ## - ADDED ENTRY--PERSONAL NAME
Personal name Kosambi, Meera
942 ## - ADDED ENTRY ELEMENTS (KOHA)
Koha item type English Books
Classification part 863.08
Source of classification or shelving scheme Dewey Decimal Classification
Call number suffix FEM
Holdings
Withdrawn status Lost status Damaged status Not for loan Collection code Home library Current library Date acquired Source of acquisition Cost, normal purchase price Total Checkouts Full call number Barcode Date last seen Copy number Cost, replacement price Price effective from Koha item type
      Not For Loan Non-fiction D.B.Act.Division D.B.Act.Division 23/06/2008 DBAD / PUB 595.00   863.08 FEM EN-73933 15/09/2008 1 595.00 15/09/2008 English Books

© Delhi Public Library
Hit Counter
free hit counter